Innovative aspects in electrical and electronic equipment waste management and consumer protection

Guardado en:
Detalles Bibliográficos
Autor principal: Knošková, Ľubica, 1965-
Formato: Capítulo de libro
Lenguaje:inglés
Materias:
Etiquetas: Agregar Etiqueta
Sin Etiquetas, Sea el primero en etiquetar este registro!

MARC

LEADER 00000naa$a2200000$$$4500
001 0180372
005 20240502083424.4
041 0 |a eng 
044 |a BG 
245 1 0 |a Innovative aspects in electrical and electronic equipment waste management and consumer protection  |c Ľubica Knošková 
610 2 0 |a prístroje 
610 2 0 |a elektronika 
610 2 0 |a elektronika spotrebná 
610 2 0 |a spoľahlivosť výrobkov 
610 2 0 |a odpad 
610 2 0 |a inovácia výrobkov 
610 2 0 |a ochrana spotrebiteľa 
610 2 0 |a zodpovednosť podniku spoločenská 
100 1 |a Knošková, Ľubica, 1965-